| 000 | 00374nam a2200145Ia 4500 | ||
|---|---|---|---|
| 008 | 240624s9999 xx 000 0 und d | ||
| 041 | _aeng | ||
| 082 | _a658.3 ASW | ||
| 100 | _aASWATHAPPA K | ||
| 245 | _aHUMAN RESOURCE AND PERSONNEL MANAGEMENT | ||
| 250 | _a(3rd ed.) | ||
| 260 |
_c2004 _aNew Delhi _bTata McGrawhill |
||
| 300 | _axxvii, : 615 : p. : cm. ; 24 | ||
| 365 | _cRS | ||
| 999 |
_c124 _d124 |
||